Globalization (Record no. 265490)

MARC details
000 -LEADER
fixed length control field 00670nam a2200217Ia 4500
008 - FIXED-LENGTH DATA ELEMENTS--GENERAL INFORMATION
fixed length control field 191130s2010##################000#0#eng##
020 ## - INTERNATIONAL STANDARD BOOK NUMBER
ISBN 9780737747713
082 ## - DEWEY DECIMAL CLASSIFICATION NUMBER
Classification number 303.482 HAU
245 ## - TITLE STATEMENT
Title Globalization
Statement of responsibility, etc David Haugen and Rachael Mach, book editors
260 ## - PUBLICATION, DISTRIBUTION, ETC. (IMPRINT)
Place of publication Detroit, MI
Name of publisher Greenhaven Press
Year of publication c2010
300 ## - PHYSICAL DESCRIPTION
Number of Pages 260 p. : ill. ; 23 cm
500 ## - GENERAL NOTE
General note Includes bibliographical references (p. 247-249) and index
650 ## - SUBJECT ADDED ENTRY--TOPICAL TERM
Topical Term Globalization - Juvenile literature
700 ## - ADDED ENTRY--PERSONAL NAME
Personal name Haugen, David M
Personal name Mach, Rachael
991 ## -
-- 205875
Holdings
Withdrawn status Lost status Damaged status Not for loan Home library Current library Shelving location Date acquired Full call number Accession Number Price effective from Koha item type
        Anna Centenary Library Anna Centenary Library 3RD FLOOR, B WING 13.10.2020 303.482 HAU 203195 13.10.2020 English Books

Find us on the map